000 00436 a2200133 4500
001 ART_3660
005 20260410161717.0
008 260409a
245 1 0 _aEmpleo, salarios y equidad durante la recuperación reciente en la Argentina
100 1 _aBeccaria, Luis A.
700 1 _aEsquivel, Valeria
700 1 _aMaurizio, Roxana
773 0 _tDesarrollo económico
_g- Vol. 45, Nº 178 (jul./sep. 2005)
_wREV1174
999 _c16591
_d16591